Movies Quiz

Random Movies or Quick Pick Quiz
Score 0/8 Timer 00:45
0 Plays Today
% Correct
Harry Potter and the Chamber of Secrets
97.2%
Harry Potter and the Prisoner of Azkaban
96.7%
Harry Potter and the Goblet of Fire
96.5%
Harry Potter and the Philosopher's Stone
96.4%
Harry Potter and the Order of the Phoenix
94.3%
Harry Potter and the Deathly Hallows – Part 2
91.4%
Harry Potter and the Half-Blood Prince
89.1%
Harry Potter and the Deathly Hallows – Part 1
88.3%
Remove Ads.
Support Sporcle.
Get the best of Sporcle when you Go Orange. This ad-free experience offers more features, more stats, and more fun while also helping to support Sporcle. Thank you for becoming a member.

You're not logged in!

Compare scores with friends on all Sporcle quizzes.
OR
Log In

Show Comments

Extras

Top Quizzes Today


Score Distribution

Your Account Isn't Verified!

In order to create a playlist on Sporcle, you need to verify the email address you used during registration. Go to your Sporcle Settings to finish the process.

Report this User

Report this user for behavior that violates our Community Guidelines.

Details: